[Event "Newfoundland-ch"]
[Site "Portugal Cove "]
[Date "2013.04.20"]
[Round "2"]
[White "Spraggett, Grant"]
[Black "Cole, Dustin"]
[Result "1-0"]
[WhiteElo "2385"]
[BlackElo "1907"]
[PlyCount "104"]
[EventDate "2013.04.19"]
[EventType "swiss"]
[EventRounds "5"]
[EventCountry "CAN"]
[SourceTitle "EXT 2014"]
[Source "ChessBase"]
[SourceDate "2013.11.20"]
[SourceVersion "1"]
[SourceVersionDate "2013.11.20"]
[SourceQuality "1"]

1. c4 Nf6 2. g3 e6 3. Nf3 b6 4. Bg2 Bb7 5. 0-0 Be7 6. b3 d5 7. Bb2 0-0 8. e3 c5 9. Nc3 Nbd7 10. d3 Re8 11. Qc2 Qb8 12. Rad1 a6 13. Rfe1 Qa7 14. e4 d4 15. Ne2 e5 16. h3 a5 17. Nd2 Bd6 18. f4 Qb8 19. f5 Qc7 20. Nf3 Bc6 21. a4 Kf8 22. g4 h6 23. Bc1 Ke7 24. Ng3 Rh8 25. Nh2 Nh7 26. f6+ Nhxf6 27. Nf5+ Kf8 28. Rf1 Be7 29. Qf2 Nb8 30. h4 Be8 31. g5 hxg5 32. Bxg5 Nbd7 33. Qg3 Rg8 34. Bf3 Bd8 35. Nxg7 Rxg7 36. Bh6 Ke7 37. Bxg7 Kd6 38. Bg4 Kc6 39. h5 Nh7 40. Bf5 Ng5 41. h6 f6 42. h7 Bh5 43. h8Q Bxd1 44. Rxd1 Kb7 45. Qg8 Ka7 46. Qd5 Nb8 47. Bh6 Nf7 48. Qg7 Nxh6 49. Qxh6 Nc6 50. Qd7 Qxd7 51. Bxd7 Be7 52. Bxc6 Rg8+ 1-0

[Event "Toronto op"]
[Site "Toronto"]
[Date "1997.??.??"]
[Round "6"]
[White "Spraggett, Grant"]
[Black "Ochkoos, Jura"]
[Result "1/2-1/2"]
[WhiteElo "2430"]
[BlackElo "2360"]
[PlyCount "124"]
[EventDate "1997.??.??"]
[EventType "swiss"]
[EventRounds "7"]
[EventCountry "CAN"]
[SourceTitle "EXT 2001"]
[Source "ChessBase"]
[SourceDate "2000.11.22"]
[SourceVersion "1"]
[SourceVersionDate "2000.11.22"]
[SourceQuality "1"]

1. c4 e5 2. g3 Nf6 3. Bg2 d5 4. cxd5 Nxd5 5. Nc3 Nb6 6. Nf3 Bd6 7. 0-0 0-0 8. d3 c5 9. Nd2 Nc6 10. Bxc6 bxc6 11. Re1 f5 12. Nf1 Be6 13. b3 Qf6 14. Bb2 h5 15. e3 Qg6 16. Qe2 h4 17. f3 hxg3 18. hxg3 Kf7 19. Qg2 Rh8 20. f4 Rac8 21. Re2 Rh6 22. Nd2 Rch8 23. Nf3 Qg4 24. Kf2 Rh5 25. Rg1 Nd7 26. Ke1 Be7 27. fxe5 Qb4 28. Kd1 g5 29. Nb1 Qb5 30. Ne1 Qa6 31. Bc3 Ke8 32. Qf1 Kd8 33. Rf2 Nb6 34. e4 fxe4 35. dxe4 c4 36. Qe2 Qb5 37. b4 Bxb4 38. Qd2+ Kc8 39. Bxb4 Rd8 40. Bd6 Qxb1+ 41. Ke2 Qxe4+ 42. Qe3 Bg4+ 43. Nf3 Bxf3+ 44. Rxf3 Rh2+ 45. Rf2 Qd3+ 46. Qxd3 cxd3+ 47. Ke1 Rxf2 48. Kxf2 Nc4 49. Be7 Re8 50. Bxg5 Rxe5 51. Bf4 Re2+ 52. Kf3 Rxa2 53. g4 Re2 54. Rc1 Rc2 55. Rxc2 dxc2 56. Ke4 Kd7 57. Kd4 Nb6 58. Bd2 Nd5 59. Kc4 a5 60. Kb3 Nb4 61. g5 Ke6 62. Ka4 Nd3 1/2-1/2

[Event "Montreal Pere Noel"]
[Site "Montreal"]
[Date "1994.12.30"]
[Round "5"]
[White "Spraggett, Grant"]
[Black "Bolduc, Steve"]
[Result "1/2-1/2"]
[WhiteElo "2318"]
[BlackElo "2162"]
[PlyCount "127"]
[EventDate "1994.12.26"]
[EventType "swiss"]
[EventRounds "5"]
[EventCountry "CAN"]
[SourceTitle "EXT 2022"]
[Source "ChessBase"]
[SourceDate "2021.10.06"]
[SourceVersion "1"]
[SourceVersionDate "2021.10.06"]
[SourceQuality "1"]

1. c4 e6 2. Nf3 d5 3. b3 Nf6 4. Bb2 Be7 5. g3 0-0 6. Bg2 b6 7. 0-0 Bb7 8. e3 c5 9. Nc3 Nc6 10. cxd5 Nxd5 11. Nxd5 Qxd5 12. d4 Qd8 13. Ne5 Qc7 14. dxc5 Nxe5 15. cxb6 axb6 16. Bxb7 Rad8 17. Bxe5 Qxe5 18. Qe2 Rd7 19. Bf3 Rfd8 20. Rad1 Rxd1 21. Rxd1 Rxd1+ 22. Qxd1 Qb2 23. a4 g6 24. Qd3 Bc5 25. h4 h5 26. Be4 Kh7 27. Qc4 Qd2 28. Qc2 Qb4 29. Qb2 Kg8 30. Bd3 Bf8 31. Bc4 Bg7 32. Qc2 Bf6 33. Qe4 Be7 34. Kg2 Bc5 35. Qa8+ Kg7 36. Qb7 Kf6 37. Qb8 Kg7 38. Qe5+ Kg8 39. Kf3 Qd2 40. Kg2 Qb4 41. Qg5 Qc3 42. g4 hxg4 43. h5 Qh8 44. hxg6 Qh3+ 45. Kg1 g3 46. gxf7+ Kxf7 47. fxg3 Ke8 48. a5 Bd6 49. Bf1 Qxg3+ 50. Qxg3 Bxg3 51. a6 Bb8 52. b4 Kd7 53. b5 Kd6 54. Kg2 Ke5 55. Kf3 Kf5 56. Bd3+ Kg5 57. Ke4 Kf6 58. Bc4 Ba7 59. Kf4 Bb8+ 60. Kg4 Ba7 61. Kh5 Bb8 62. Kh6 Ba7 63. Kh7 Kf7 64. Bd3 1/2-1/2

[Event "Montreal Pere Noel"]
[Site "Montreal"]
[Date "1994.12.28"]
[Round "3"]
[White "Spraggett, Grant"]
[Black "Hebert, Jean"]
[Result "0-1"]
[WhiteElo "2318"]
[BlackElo "2473"]
[PlyCount "52"]
[EventDate "1994.12.26"]
[EventType "swiss"]
[EventRounds "5"]
[EventCountry "CAN"]
[SourceTitle "EXT 2022"]
[Source "ChessBase"]
[SourceDate "2021.10.06"]
[SourceVersion "1"]
[SourceVersionDate "2021.10.06"]
[SourceQuality "1"]

1. c4 e5 2. g3 Nf6 3. Bg2 c6 4. d4 e4 5. Nc3 d5 6. Bg5 Be6 7. Bxf6 gxf6 8. e3 h5 9. h4 Na6 10. a3 Nc7 11. Nge2 Bh6 12. cxd5 cxd5 13. Qb3 b6 14. 0-0 0-0 15. Rfc1 Qd7 16. Kh2 Rfc8 17. Ng1 Ne8 18. Bf1 Nd6 19. Be2 Kg7 20. Bxh5 Rh8 21. Qd1 Bg5 22. hxg5 Bg4 23. gxf6+ Kg8 24. f3 Rxh5+ 25. Kg2 exf3+ 26. Nxf3 Qf5 0-1

[Event "CAN-ch"]
[Site "Hamilton"]
[Date "1994.??.??"]
[Round "4"]
[White "Leveille, Francois"]
[Black "Spraggett, Grant"]
[Result "0-1"]
[WhiteElo "2380"]
[BlackElo "2320"]
[PlyCount "112"]
[EventDate "1994.??.??"]
[EventType "tourn"]
[EventRounds "15"]
[EventCountry "CAN"]
[EventCategory "5"]
[SourceTitle "EXT 1997"]
[Source "ChessBase"]
[SourceDate "1996.11.15"]
[SourceVersion "1"]
[SourceVersionDate "1996.11.15"]
[SourceQuality "1"]

1. d4 Nf6 2. c4 c5 3. Nf3 cxd4 4. Nxd4 e5 5. Nb5 d5 6. cxd5 Bc5 7. N5c3 0-0 8. e3 e4 9. a3 a5 10. Nd2 Qe7 11. h3 Rd8 12. Qa4 Bf5 13. g4 Bg6 14. Bg2 Nxd5 15. Ndxe4 Nxc3 16. Nxc3 Bd3 17. Qb3 Ba6 18. Ne4 Nd7 19. Bd2 Ne5 20. 0-0-0 Bc4 21. Qc2 Bd3 22. Qxc5 Rac8 23. Qxc8 Rxc8+ 24. Bc3 Qe6 25. Kd2 Bxe4 26. Bxe4 Nc4+ 27. Kd3 Nxb2+ 28. Bxb2 Qc4+ 29. Kd2 Qxe4 30. Rc1 Qd5+ 31. Ke2 Qb5+ 32. Kf3 Rxc1 33. Rxc1 h6 34. Bd4 Qd5+ 35. Kg3 Qd6+ 36. f4 Qxa3 37. Rc8+ Kh7 38. Rc7 Qb3 39. h4 a4 40. g5 Qd5 41. Rc5 Qd6 42. Ra5 Qb4 43. Ra8 Qe1+ 44. Kh3 Qh1+ 45. Kg3 Qe1+ 46. Kh3 h5 47. Rxa4 Qf1+ 48. Kg3 Qg1+ 49. Kh3 Qg4+ 50. Kh2 Qxh4+ 51. Kg2 Qg4+ 52. Kh2 Qe2+ 53. Kh3 Qf3+ 54. Kh2 Qf2+ 55. Kh3 h4 56. Kg4 g6 0-1

[Event "CAN-ch"]
[Site "Hamilton"]
[Date "1994.??.??"]
[Round "7"]
[White "Spraggett, Grant"]
[Black "Baragar, Fletcher"]
[Result "1-0"]
[WhiteElo "2320"]
[BlackElo "2285"]
[PlyCount "173"]
[EventDate "1994.??.??"]
[EventType "tourn"]
[EventRounds "15"]
[EventCountry "CAN"]
[EventCategory "5"]
[SourceTitle "EXT 1997"]
[Source "ChessBase"]
[SourceDate "1996.11.15"]
[SourceVersion "1"]
[SourceVersionDate "1996.11.15"]
[SourceQuality "1"]

1. c4 e5 2. g3 d6 3. Bg2 g6 4. Nc3 Bg7 5. e4 Nc6 6. Nge2 Nge7 7. d3 0-0 8. 0-0 Be6 9. Nd5 f5 10. Be3 Qd7 11. Rc1 Rae8 12. Qd2 Nd8 13. Nxe7+ Rxe7 14. exf5 Bxf5 15. d4 Nf7 16. Nc3 exd4 17. Bxd4 Ne5 18. Nd5 Ree8 19. Nf4 Bg4 20. f3 Bf5 21. Be3 Kh8 22. Kh1 Qf7 23. b3 g5 24. Nd5 c6 25. Nc3 Bd3 26. Rf2 Bxc4 27. Ne4 Nd3 28. bxc4 Nxf2+ 29. Nxf2 d5 30. cxd5 Qxd5 31. Qxd5 cxd5 32. Bxa7 Ra8 33. Bc5 Rfc8 34. Bh3 Rc6 35. Nd3 b6 36. Be3 Rxc1+ 37. Bxc1 Rxa2 38. Bxg5 d4 39. Be6 Ra3 40. Bf5 b5 41. Be7 Ra2 42. Bb4 Ra8 43. Bd7 Bf8 44. Bxf8 Rxf8 45. Bxb5 Rxf3 46. Kg2 Re3 47. Kf2 Kg7 48. Ne1 Rb3 49. Bd3 Rb2+ 50. Nc2 h6 51. Kf3 Kf6 52. Ke4 Kg5 53. h3 Rb1 54. Nxd4 Rh1 55. Ne6+ Kf6 56. Nf4 Kg5 57. Be2 Rg1 58. Kf3 Ra1 59. Bd3 Re1 60. Bc4 Ra1 61. Bd3 Ra3 62. h4+ Kf6 63. Ke3 Ra5 64. Nh3 Ra4 65. Nf2 Rb4 66. Be4 Ra4 67. Kf4 Ra5 68. Ng4+ Kg7 69. Ne5 Kf6 70. Nf3 Ra4 71. g4 Rb4 72. g5+ hxg5+ 73. hxg5+ Kg7 74. Nh4 Ra4 75. Nf5+ Kg6 76. Ng3+ Kg7 77. Nh5+ Kh8 78. g6 Ra7 79. Kg5 Rc7 80. Bd5 Rd7 81. Be6 Rd5+ 82. Kf6 Rg5 83. Nf4 Rg1 84. Bf5 Kg8 85. Nd3 Rg3 86. Ne5 Rg1 87. Ng4 1-0

[Event "CAN-ch"]
[Site "Hamilton"]
[Date "1994.??.??"]
[Round "3"]
[White "Spraggett, Grant"]
[Black "Livshits, Ron"]
[Result "1-0"]
[WhiteElo "2320"]
[BlackElo "2370"]
[PlyCount "79"]
[EventDate "1994.??.??"]
[EventType "tourn"]
[EventRounds "15"]
[EventCountry "CAN"]
[EventCategory "5"]
[SourceTitle "EXT 1997"]
[Source "ChessBase"]
[SourceDate "1996.11.15"]
[SourceVersion "1"]
[SourceVersionDate "1996.11.15"]
[SourceQuality "1"]

1. c4 c6 2. b3 d5 3. Bb2 Bg4 4. g3 Nd7 5. Bg2 e6 6. Nf3 Ngf6 7. 0-0 Bd6 8. d3 0-0 9. Nc3 Qe7 10. h3 Bh5 11. a3 a5 12. Re1 Rfd8 13. Qc2 Nf8 14. Nd2 Bg6 15. Nf3 h6 16. e4 dxe4 17. dxe4 N6d7 18. Nd1 Bh7 19. Ne3 Ng6 20. Nd4 Qf8 21. Red1 Nf6 22. Qe2 Be7 23. Nec2 Nd7 24. Nf3 Nc5 25. Qe3 Rxd1+ 26. Rxd1 Rd8 27. Rxd8 Qxd8 28. Bd4 Nd7 29. Qc3 Bf8 30. c5 Qe7 31. b4 axb4 32. axb4 e5 33. Be3 Qe6 34. Nd2 Ne7 35. Nc4 f5 36. f3 Nf6 37. Nd6 b5 38. g4 fxe4 39. fxe4 Ng6 40. Nf5 1-0

[Event "Toronto Labour Day op"]
[Site "Toronto"]
[Date "1993.??.??"]
[Round "?"]
[White "Bekefi, Laszlo"]
[Black "Spraggett, Grant"]
[Result "1/2-1/2"]
[WhiteElo "2300"]
[BlackElo "2280"]
[PlyCount "36"]
[EventDate "1993.??.??"]
[EventType "swiss"]
[EventRounds "6"]
[EventCountry "CAN"]
[SourceTitle "EXT 2004"]
[Source "ChessBase"]
[SourceDate "2003.11.25"]
[SourceVersion "1"]
[SourceVersionDate "2003.11.25"]
[SourceQuality "1"]

1. e4 c6 2. d4 d5 3. Nc3 dxe4 4. Nxe4 Nf6 5. Nxf6+ gxf6 6. g3 h5 7. Bg2 h4 8. Be3 Be6 9. Ne2 Bd5 10. Bxd5 Qxd5 11. Rg1 hxg3 12. hxg3 e6 13. Qd3 Na6 14. Qb3 0-0-0 15. Qxd5 Rxd5 16. c3 Nc7 17. Nf4 Rd8 18. Ke2 Bd6 1/2-1/2

[Event "Toronto Labour Day op"]
[Site "Toronto"]
[Date "1993.??.??"]
[Round "?"]
[White "Dzera, Victor"]
[Black "Spraggett, Grant"]
[Result "0-1"]
[WhiteElo "2220"]
[BlackElo "2280"]
[PlyCount "102"]
[EventDate "1993.??.??"]
[EventType "swiss"]
[EventRounds "6"]
[EventCountry "CAN"]
[SourceTitle "EXT 2004"]
[Source "ChessBase"]
[SourceDate "2003.11.25"]
[SourceVersion "1"]
[SourceVersionDate "2003.11.25"]
[SourceQuality "1"]

1. e4 c6 2. d4 d5 3. exd5 cxd5 4. Bd3 Nf6 5. Bf4 g6 6. c3 Nc6 7. Nd2 Bg7 8. Ngf3 0-0 9. 0-0 Nh5 10. Bg5 f6 11. Bh4 Nf4 12. Bc2 Be6 13. Re1 Bf7 14. Qb1 Kh8 15. h3 Qd7 16. Bg3 Bh6 17. Nf1 Nh5 18. Bh2 Bf4 19. Ng3 Nxg3 20. fxg3 Bd6 21. Qc1 Kg7 22. g4 Bxh2+ 23. Nxh2 Qd6 24. g5 Be6 25. Qe3 Bd7 26. Re2 Rf7 27. Rf1 Na5 28. Ref2 Raf8 29. Qf3 Be6 30. gxf6+ exf6 31. Ng4 Bxg4 32. Qxg4 Nc4 33. Re1 f5 34. Qg5 Nxb2 35. Bxf5 Nd3 36. Re6 Rxf5 37. Qe3 Re8 38. Rxe8 Nxf2 39. Re7+ Kg8 40. Rxb7 Ne4 41. Qh6 Rf1+ 42. Kxf1 Qa6+ 43. c4 Qxb7 44. cxd5 Qb1+ 45. Ke2 Qxa2+ 46. Kd3 Qxd5 47. Qf4 Nd6 48. g4 Nb5 49. h4 Qxd4+ 50. Qxd4 Nxd4 51. Kxd4 Kf7 0-1

[Event "Toronto Labour Day op"]
[Site "Toronto"]
[Date "1993.??.??"]
[Round "?"]
[White "Spraggett, Grant"]
[Black "McTavish, David"]
[Result "1/2-1/2"]
[WhiteElo "2280"]
[BlackElo "2180"]
[PlyCount "53"]
[EventDate "1993.??.??"]
[EventType "swiss"]
[EventRounds "6"]
[EventCountry "CAN"]
[SourceTitle "EXT 2004"]
[Source "ChessBase"]
[SourceDate "2003.11.25"]
[SourceVersion "1"]
[SourceVersionDate "2003.11.25"]
[SourceQuality "1"]

1. c4 e5 2. g3 Nf6 3. Bg2 c6 4. d4 Bb4+ 5. Bd2 Bxd2+ 6. Qxd2 d6 7. dxe5 dxe5 8. Qxd8+ Kxd8 9. Nc3 Be6 10. b3 Nfd7 11. Nf3 f6 12. 0-0 Na6 13. Nd2 Ke7 14. Rab1 Rhd8 15. Rfd1 Bf5 16. Rb2 Nb6 17. Rf1 Nc5 18. Nde4 Ne6 19. c5 Bxe4 20. Nxe4 Nd7 21. b4 a5 22. a3 axb4 23. axb4 b6 24. Rc1 bxc5 25. Nxc5 Ndxc5 26. bxc5 Ra5 27. Bxc6 1/2-1/2

[Event "Toronto Class op"]
[Site "Toronto"]
[Date "1993.??.??"]
[Round "5"]
[White "Spraggett, Grant"]
[Black "Southam, Todd"]
[Result "1/2-1/2"]
[WhiteElo "2280"]
[BlackElo "2325"]
[PlyCount "28"]
[EventDate "1993.??.??"]
[EventType "swiss"]
[EventRounds "5"]
[EventCountry "CAN"]
[SourceTitle "EXT 1998"]
[Source "ChessBase"]
[SourceDate "1997.11.17"]
[SourceVersion "1"]
[SourceVersionDate "1997.11.17"]
[SourceQuality "1"]

1. c4 g6 2. g3 Bg7 3. Bg2 c5 4. Nc3 Nc6 5. e4 e6 6. Nge2 Nge7 7. 0-0 0-0 8. d3 d6 9. Rb1 f5 10. f4 Rb8 11. Be3 a6 12. Qd2 b5 13. exf5 gxf5 14. b3 Nd4 1/2-1/2